MDQL
is popping MORE tags! Check the
thread
!
Quizzes
Events
Quiz Creation
Community
Videos
Private Events
Remove Ads
Sign In
Join for FREE
Feedback
Dark Mode
Quiz Categories
Sports
Geography
Music
Movies
Television
Just For Fun
Miscellaneous
History
Literature
Language
Science
Gaming
Entertainment
Religion
Holiday
For Kids
Quiz Lab
Recent
Popular Today
Quiz Kudos Today
Editor Picks
Curator Picks
Quizzes by...
Day
Popularity
Type
Ratings
Length
Year
Community
Subscriptions
Recent Discussions
Orange Saloon
Badges
Playlists
Quests
Create
Leaderboards
Showdown
Live 5
Trivia Bingo
Activity
Puzzle Library
Sporcle Events
Private Events
Virtual Trivia
Globe League
Become a Host
Pub Owners
SporcleCon
Opinionation
Our Games
Videos
Blog
Mobile Apps
Partnerships
Remove Ads and Go Orange
Feedback
Sports
Athletes
MLB
NBA
NHL
NFL
Soccer
Sports Teams
WWE
NCAA
Football
Premier League
Basketball
Baseball
Hockey
Golf
Tennis
Cricket
Rugby
Auto Racing
Olympics
World Cup
Sports
Athletes
MLB
NBA
NHL
NFL
Soccer
Sports Teams
WWE
NCAA
Football
Premier League
Basketball
Baseball
Hockey
Golf
Tennis
Cricket
Rugby
Auto Racing
Olympics
World Cup
Random Quiz
Search Sporcle
×
Quiz Lab
Quiz Lab
Sports
Cyclist
Type in answers that appear in a list
Type in answers that appear in a list
Classic
Best Score? Go Orange.
2014 : Top 5 cyclists per country Part I Stats
Can you name the top 5 cyclists per country in 2014?
By
Roussay49
15m
100 Questions
37 Plays
37 Plays
37 Plays
Comments
Comments
Give Quiz Kudos
Give Quiz Kudos
-
- Ratings
hide this ad
Replay
Link that replays current quiz
Next Quiz
Link to next quiz in quiz playlist
You Got
0%
They Got
Avg Score
51%
Avg Friend Score
Upgrade to see
Score Distribution
Jump to the score distribution portion of the page
Score
0/100
Timer
15:00
0
Plays Today
Hint
Answer
% Correct
Great Britain
Geraint Thomas
97.3%
Germany
Marce Kittel
94.6%
Great Britain
Chris Froome
94.6%
Colombia
Nairo Quintana
91.9%
Colombia
Rigoberto Uran
91.9%
Czech Republic
Zdenek Stybar
91.9%
Germany
Tony Martin
91.9%
Germany
André Greipel
91.9%
Ireland
Daniel Martin
91.9%
Italy
Vincenzo Nibali
91.9%
Australia
Simon Gerrans
89.2%
Belgium
Philippe Gilbert
89.2%
France
Romain Bardet
89.2%
Canada
Ryder Hesjedal
86.5%
Germany
John Degenkolb
86.5%
Great Britain
Bradley Wiggins
86.5%
Great Britain
Adam Yates
86.5%
Italy
Fabio Aru
86.5%
France
Arnaud Demare
83.8%
Ireland
Nicolas Roche
83.8%
Belarus
Vasil Kiryienka
81.1%
Belgium
Greg Van Avermaet
81.1%
Colombia
Carlos Betancur
81.1%
Czech Republic
Roman Kreuziger
81.1%
Denmark
Jakob Fuglsang
81.1%
Estonia
Rein Taaramae
81.1%
France
Nacer Bouhanni
81.1%
Italy
Domenico Pozzovivo
81.1%
France
Jean-Christophe Peraud
78.4%
Japan
Yukiya Arashiro
78.4%
Argentina
Eduardo Sepulveda
75.7%
Australia
Cadel Evans
75.7%
Australia
Michael Matthews
75.7%
Belarus
Kanstantsin Siutsou
75.7%
Hint
Answer
% Correct
Colombia
Esteban Chaves
75.7%
Croatia
Robert Kiserlovski
75.7%
Croatia
Emanuel Kiserlovski
75.7%
Czech Republic
Leopold Konig
75.7%
Austria
Bernhard Eisel
73%
Estonia
Tanel Kangert
73%
Australia
Rohan Dennis
70.3%
Argentina
Maximiliano Richeze
67.6%
France
Sylvain Chavanel
67.6%
Japan
Fumiyuki Beppu
67.6%
Kazakhstan
Alexey Lutsenko
67.6%
Belgium
Sep Vanmarcke
64.9%
Canada
Svein Tuft
64.9%
Denmark
Michael Valgren
59.5%
Croatia
Kristijan Durasek
56.8%
Ireland
Philip Deignan
56.8%
Czech Republic
Petr Vakoc
54.1%
Denmark
Matti Breschel
54.1%
Germany
Simon Geschke
54.1%
Belarus
Yauheni Hutarovich
51.4%
Italy
Davide Rebellin
51.4%
Colombia
Julian Arredondo
48.6%
Czech Republic
Jan Barta
48.6%
Ireland
Sam Bennett
45.9%
Great Britain
Ben Swift
43.2%
Italy
Sonny Colbrelli
40.5%
Latvia
Aleksejs Saramotins
40.5%
Austria
Matthias Brandle
37.8%
Kazakhstan
Andrey Zeits
37.8%
Austria
Riccardo Zoidl
32.4%
Austria
Patrick Konrad
29.7%
Croatia
Radoslav Rogina
29.7%
Canada
Guillaume Boivin
29.7%
Belarus
Branislau Samoilau
27%
Hint
Answer
% Correct
Denmark
Magnus Cort Nielsen
27%
Denmark
Christopher Juul-Jensen
27%
Austria
Gregor Muhlberger
24.3%
Belgium
Tom Van Asbroeck
24.3%
Ireland
Ryan Mullen
24.3%
Australia
Nathan Haas
21.6%
Estonia
Gert Joeaar
21.6%
Latvia
Gatis Smukulis
21.6%
Latvia
Toms Skujins
21.6%
Belgium
Gianni Meersman
18.9%
Croatia
Matija Kvasina
18.9%
Estonia
Mikhel Raim
18.9%
Estonia
Alo Jakin
16.2%
Canada
Ryan Anderson
13.5%
Argentina
Daniel Diaz
10.8%
Iran
Mirsamad Pourseyedi
10.8%
Kazakhstan
Alexandr Dyachenko
10.8%
Argentina
Sergio Godoy
8.1%
Belarus
Aliaksandr Kuchynski
8.1%
Iran
Ghader Mizbani
8.1%
Kazakhstan
Ruslan Tleubayev
8.1%
Latvia
Emils Liepins
8.1%
Canada
Ryan Roth
5.4%
Iran
Rahim Emami
5.4%
Japan
Nariyuki Masuda
5.4%
Japan
Miyataka Shimizu
5.4%
Kazakhstan
Ilya Davidenok
5.4%
Latvia
Andris Smirnovs
5.4%
Argentina
Enzo Moyano
2.7%
Iran
Amir Kolahdouz
2.7%
Iran
Ramim Mehrabani
2.7%
Japan
Kohei Uchima
2.7%
Quiz Playlist
Details
Report
Send in Message
Add To Playlist
Classic:
Type in answers that appear in a list
Last Updated: Dec 2, 2017
Quiz Scoreboard
CHALLENGE
Sign Up to Join the Scoreboard
Show All
Scores
Hide
Comments
May contain spoilers
Recently Published
Street Fighter Characters
by Artimus82
Gaming
60s
9x9 Crossword: Cartoon Network
by jackfrog10
Miscellaneous
3m
College Basketball Coaching Resumes
by pancakes188
Sports
9m
More to Explore
Quiz From the Vault
Featured Blog Post
Where Did the Easter Bunny Come From?
hide this ad
You Might Also Like...
Tags
Cycling
Cyclist
UCI Cycling
Today's Top Quizzes in Sports
Browse Sports
hide this ad
Today's Top Quizzes in Cyclist
Browse Cyclist
Top Contributed Quizzes in Sports
1
2022 World Cup Stars
2
Les meilleurs buteurs des matchs entre le PSG et l’OM
3
FIFA Club World Cup Champions
4
Les entraîneurs de l'OM et du PSG au 21e siècle
5
Criteria MLB: Left Handed Sluggers
6
2023 MLB Unique Player Accomplishments
7
AFC Teams Reveal (Wrong Answers Minefield)
8
Players with Multiple 50 Home Run Seasons
9
5-to-1: FBS Animal Nicknames
10
5-to-1: UK Sports Teams
Explore More
Trending Topics
Disney
Harry Potter
Kpop
Crossword
Anime
NBA
Marvel
Song
The Office
WWE
Country
Pokémon
Soccer
NFL
Puzzle
hide this ad
More By:
Roussay49
Quiz
Plays
Rating
Category
Featured
Created
2017 : Top 5 cyclists per country
556
4.00
Sports
Dec 4, 2017
2016 : Top 5 cyclists per country Part I
87
Sports
Dec 2, 2017
2008 : Top 5 cyclists per country
74
Sports
Dec 5, 2017
2016 : Top 5 cyclists per country Part II
59
Sports
Dec 3, 2017
2010 : Top 5 cyclists by country
57
Sports
Nov 29, 2017
Go to Creator's Profile
Score Distribution
Quiz Creator Spotlight
Roussay49
Follow
Send a Message
Quizzes Created
-
Created Quiz Play Count
-
More By This Creator
Popular Quizzes Today
1
Find the US States - No Outlines Minefield
2
Find the Countries of Europe - No Outlines Minefield
3
The Countries of the World
4
Find the US States
5
Risky Map Clicking: Biggest States A-Z
6
US States
7
Popular People in 1961
8
Movies - When Are They Set?
More Sports Quizzes
Football Profile: Switzerland
Quiz Lab
Trending Quizzes
Risky Map Clicking: Least Populous States A-Z
1-10 Letter G Words
Risky Map Clicking: Next State Alphabetically
Adjectives in 80s TV Shows
The Seven Year Switch: Catherine
Recently Updated
Leaping Animals
pecheneg
Reality TV Shows (A-Z)
bhenderson79
Rickey Henderson's Hall of Fame Teammates
pecheneg
Champions League XIs: Arsenal
pecheneg
Quick Pick: Celebrities in WWE's Hall of Fame
aduchscher
A-Z Keypad Blitz II
pecheneg
Multiple Oscar Actors
pecheneg
Mystery Phrase Blitz: Oscar 'Best Actors'
pecheneg
F. Scott Fitzgerald Novels
LTH
Pick 3 Villains
ddd62291
Trending Topics
Anime
Harry Potter
Marvel
NBA
Kpop
Disney
Crossword
Soccer
The Office
Puzzle
Song
Pokémon
Country
NFL
WWE
Your Account Isn't Verified!
In order to create a playlist on Sporcle, you need to verify the email address you used during registration. Go to your
Sporcle Settings
to finish the process.
Report this User
Report this user for behavior that violates our
Community Guidelines
.
Details:
Send Report
Go to the Sporcle.com Mobile Site →
Comments